| 000 | 00575pam a2200193 a 4500 | ||
|---|---|---|---|
| 020 | _a0834802503 : | ||
| 040 | _cDLC | ||
| 082 | 0 | 0 | _a495 TEN 1992 A023 Or. |
| 100 | 1 | _aConstantine, Peter, | |
| 245 | 1 | 0 | _aJapanese street slang / |
| 250 | _a1st ed. | ||
| 260 |
_aNew York, N.Y. : _bTengu Books, _c1992 |
||
| 300 |
_axxiv, 190 p. ; _c21 cm. |
||
| 500 | _aIncludes index. | ||
| 650 | 0 | _aJapanese language | |
| 856 | 4 | 2 | _uhttp://www.loc.gov/catdir/enhancements/fy0704/92004205-d.html |
| 856 | 4 | 2 | _uhttp://www.loc.gov/catdir/enhancements/fy1013/92004205-b.html |
| 942 | _cEK | ||
| 999 |
_c13720 _d13720 |
||